LEADER 01583cam0-22003731i-450 001 990000214480403321 005 20210108105555.0 035 $a000021448 035 $aFED01000021448 035 $a(Aleph)000021448FED01 035 $a000021448 100 $a20020821g18701871km-y0itay50------ba 101 0 $aita 102 $aIT 105 $aaf------001yy 200 1 $aTrattato pratico di architettura stradale$eopera ad uso degli ingegneri e costruttori delle strade comuni, dei ponti e delle ferrovie con tavole incise$fAntonio Cantalupi 210 $aMilano$cC. Brigola$d1870-1871 215 $a2 v.$cill.$d27 cm$eatlante 225 1 $aNuova biblioteca dell'ingegnere-architetto civile$v17$v18 307 $a1.: 419 p., XI c. di tav. ; 2.: 514 p., [22] c. di tav. 610 0 $aCostruzioni stradali 676 $a625.7$v21$zita 700 1$aCantalupi,$bAntonio$03130 801 0$aIT$bUNINA$gRICA$2UNIMARC 856 4 $zVisualizza la versione elettronica in SBNWeb$uhttps://books.google.it/books?id=HgixrGQlNlwC&printsec=frontcover&hl=it&source=gbs_ge_summary_r&cad=0#v=onepage&q&f=false$e20210108 856 4 $zVisualizza la versione elettronica in SBNWeb$uhttps://books.google.it/books?id=yHh3ZFG7SfwC&printsec=frontcover&hl=it&source=gbs_ge_summary_r&cad=0#v=onepage&q&f=false$e20210108 901 $aBK 912 $a990000214480403321 952 $a13 AR 18 C 59$b3145$fFINBC 952 $a13 AR 18 C 60$b3146$fFINBC 952 $a13 AR 15 E 56$b3342$fFINBC 959 $aFINBC 996 $aTrattato pratico di architettura stradale$9123313 997 $aUNINA LEADER 01658oas 2200553 a 450 001 9910695455903321 005 20170901101316.0 035 $a(CKB)5470000002370201 035 $a(OCoLC)53352573$z(OCoLC)71364832$z(OCoLC)810137673$z(OCoLC)962871789 035 $a(EXLCZ)995470000002370201 100 $a20031105b19uu2011 sa 101 0 $aeng 135 $aurcn||||||||| 181 $ctxt$2rdacontent 182 $cc$2rdamedia 183 $acr$2rdacarrier 200 00$aBackground note, Tuvalu /$fBureau of East Asian and Pacific Affairs 210 $a[Washington, D.C.] $cU.S. Dept. of State, Bureau of East Asian and Pacific Affairs$d-2011 215 $a1 online resource (volumes) 606 $aDiplomatic relations$2fast 606 $aPolitics and government$2fast 606 $aTravel$2fast 607 $aTuvalu$xDescription and travel$vPeriodicals 607 $aTuvalu$xForeign relations$vPeriodicals 607 $aTuvalu$xPolitics and government$vPeriodicals 607 $aTuvalu$2fast 608 $aPeriodicals.$2fast 615 7$aDiplomatic relations. 615 7$aPolitics and government. 615 7$aTravel. 712 02$aUnited States.$bDepartment of State.$bBureau of East Asian and Pacific Affairs. 801 0$bGPO 801 1$bGPO 801 2$bOCLCQ 801 2$bGPO 801 2$bOCLCQ 801 2$bOCLCA 801 2$bOCLCQ 801 2$bOCLCA 801 2$bOCLCF 801 2$bOCLCQ 801 2$bOCL 801 2$bCOO 801 2$bOCLCQ 801 2$bGPO 906 $aDOCUMENT 912 $a9910695455903321 996 $aBackground note, Tuvalu$93146099 997 $aUNINA